| 000 | 00670nam a2200181Ia 4500 | ||
|---|---|---|---|
| 008 | 100920s9999 xx 000 0 und d | ||
| 082 |
_b86040 _a28 व 51 थ 93 |
||
| 100 | _aदेवळे शं रा. | ||
| 245 | _aरवींद्रनाथ टागोर. | ||
| 260 |
_bविदर्भ मराठवाडा बुक कंपनी,पुणे. _c1993 |
||
| 300 |
_a39 _bसाधी |
||
| 365 | _b25 | ||
| 520 | _aबा. वि चरित्र. | ||
| 630 | _aरवींद्रनाथ टागोर. | ||
| 650 | _aबा. वि चरित्र. | ||
| 730 | _aरवींद्रनाथ टागोर. | ||
| 942 | _cBOOK | ||
| 999 |
_c726550 _d726547 |
||